| 000 | 00579nam a2200217Ia 4500 | ||
|---|---|---|---|
| 005 | 20260429112107.0 | ||
| 008 | 260429s9999||||xx |||||||||||||| ||und|| | ||
| 020 | _a9781032805917 | ||
| 041 | _aEnglish | ||
| 082 |
_a325.303 _bASH |
||
| 100 | _aAshcroft, bill | ||
| 245 | 0 |
_aPostcolonial studies : _bthe key concepts / _cbill Ashcroft |
|
| 250 | _a1st ed. | ||
| 260 |
_aLondon : _bRoutledge, _c2025. |
||
| 300 | _axi, 447 p.; pbk | ||
| 440 | _aRoutledge key guides | ||
| 650 | _aPostcolonial | ||
| 700 | _a Griffiths, Gareth | ||
| 700 | _a Tiffin, Helen | ||
| 942 | _cTB | ||
| 999 |
_c52319 _d52319 |
||